Catálogo

NUESTRA OPORTUNIDAD : (Registro nro. 60491)

Detalles MARC
000 -LEADER
fixed length control field 00574nam a2200169 a 4500
001 - CONTROL NUMBER
control field 60491
005 - DATE AND TIME OF LATEST TRANSACTION
control field 20180714061754.0
008 - FIXED-LENGTH DATA ELEMENTS--GENERAL INFORMATION
fixed length control field 140415s2011 mx 000 0 spa d
020 ## - INTERNATIONAL STANDARD BOOK NUMBER
International Standard Book Number 97860711
041 ## - LANGUAGE CODE
Language code of text/sound track or separate title spa
082 ## - DEWEY DECIMAL CLASSIFICATION NUMBER
Classification number 320.97207
Item number VAZ
100 1# - MAIN ENTRY--PERSONAL NAME
Personal name VAZQUEZ MOTA, JOSEFINA
245 10 - TITLE STATEMENT
Title NUESTRA OPORTUNIDAD :
Remainder of title UN MEXICO PARA TODOS
250 ## - EDITION STATEMENT
Edition statement 1a ed.
260 ## - PUBLICATION, DISTRIBUTION, ETC.
Place of publication, distribution, etc. MEXICO :
Name of publisher, distributor, etc. SANTILLANA EDICIONES GENERALES, S. A. DE C. V.,
Date of publication, distribution, etc. 2011
650 14 - SUBJECT ADDED ENTRY--TOPICAL TERM
Topical term or geographic name entry element POLITICA
General subdivision MEXICO
-- HISTORIA
-- SIGLO XXI
--
--
-- PROYECTO NACIONAL
-- MEXICO
--
--
-- MEXICO
-- CONDICIONES POLITICAS
Existencias
Withdrawn status Lost status Source of classification or shelving scheme Damaged status Not for loan Collection code Home library Current library Shelving location Date acquired Source of acquisition Inventory number Total Checkouts Full call number Barcode Date last seen Price effective from Koha item type
    Dewey Decimal Classification     General Biblioteca Karol Wojtyla Biblioteca Karol Wojtyla Sala general 03/12/2013 Compra 151000000000000000018623   320.97207 VAZ 2011 91163 05/01/2026 26/08/2014 Libro